Top Ballon d'or - Statistiques

Statistiques générales
  • Ce quiz a été pris 152 fois
  • Le résultat moyen est 7 sur 15
Statistiques - réponses
Hint Réponse % Correct
7 Messi
100%
5 Ronaldo
100%
3 Platini
73%
1 Modric
71%
1 Zidane
69%
1 Benzema
68%
3 Cruyff
65%
1 Kaka
60%
3 Van Basten
55%
2 Di Stefano
22%
1 Gullit
20%
2 Rummenigge
12%
2 Keegan
9%
1 Cannavarro
7%
1 Yashine
5%
Aucun quiz correspondant
Distribution des résultats
% des personnes avec chaque résultat
Percentile par nombre de réponses
Votre historique - résultats
Vous n’avez pas pris ce quiz